000
00339 a2200157 4500
001
75006
020
_a
9788502138551
040
_c
Anchieta - Colégio São Paulo
100
_a
Guerra, Isabel Cristina
240
1
0
_a
Matemática
_l
por
245
1
0
_a
Matemática
300
_a
256
362
0
_a
2011
650
4
_a
Matemática
942
_c
BK
999
_c
75006
_d
75006